书目信息 |
| 题名: |
子书与东汉学术转型
|
|
| 作者: | 杨思贤, 著 | |
| 分册: | ||
| 出版信息: | 北京 人民出版社 2019.11 |
|
| 页数: | 310页 | |
| 开本: | 24cm | |
| 丛书名: | ||
| 单 册: | ||
| 中图分类: | B234.05 | |
| 科图分类: | ||
| 主题词: | 学术思想--xue shu si xiang--思想史--研究--中国--东汉时代 | |
| 电子资源: | ||
| ISBN: | 978-7-01-021216-6 | |
| 000 | 00995nam0 2200265 450 | |
| 001 | CAL 0120192908443 | |
| 005 | 20230217093111.0 | |
| 010 | @a978-7-01-021216-6@dCNY70.00 | |
| 100 | @a20191204d2019 em y0chiy0120 ea | |
| 101 | 0 | @achi |
| 102 | @aCN@b110000 | |
| 105 | @ay a 000yy | |
| 106 | @ar | |
| 200 | 1 | @a子书与东汉学术转型@Azi shu yu dong han xue shu zhuan xing@f杨思贤著 |
| 210 | @a北京@c人民出版社@d2019.11 | |
| 215 | @a310页@d24cm | |
| 300 | @a江苏第二师范学院学术出版资助成果, 江苏省“十三五”重点建设学科、江苏省哲社创新团队成果 | |
| 314 | @a杨思贤, 南京大学文学博士。 | |
| 320 | @a有书目 (第300-309页) | |
| 330 | @a本书是对东汉诸子文献的专题研究, 主要考察诸子学术在东汉的发展变迁, 通过这一角度, 进而揭示东汉相对于西汉的学术转型, 以及对魏晋学术的导源。 | |
| 606 | 0 | @a学术思想@Axue shu si xiang@x思想史@x研究@y中国@z东汉时代 |
| 690 | @aB234.05@v5 | |
| 701 | 0 | @a杨思贤,@Ayang si xian@f1982-@4著 |
| 801 | 0 | @aCN@bBJXHZP@c20230222 |
| 905 | @b1394492-5@dB234.05@e58@f4 | |
| 子书与东汉学术转型/杨思贤著.-北京:人民出版社,2019.11 |
| 310页;24cm |
| 江苏第二师范学院学术出版资助成果, 江苏省“十三五”重点建设学科、江苏省哲社创新团队成果 |
| ISBN 978-7-01-021216-6:CNY70.00 |
| 本书是对东汉诸子文献的专题研究, 主要考察诸子学术在东汉的发展变迁, 通过这一角度, 进而揭示东汉相对于西汉的学术转型, 以及对魏晋学术的导源。 |
| ● |
| 相关链接 |
|
|
|
|
正题名:子书与东汉学术转型
索取号:B234.05/58
 
预约/预借
| 序号 | 登录号 | 条形码 | 馆藏地/架位号 | 状态 | 备注 |
| 1 | 1394492 | 213944927 | 第一样本阅览室/ [索取号:B234.05/58] | 在馆 | |
| 2 | 1394493 | 213944936 | 第一借阅区/ [索取号:B234.05/58] | 在馆 | |
| 3 | 1394494 | 213944945 | 第一借阅区/ [索取号:B234.05/58] | 在馆 | |
| 4 | 1394495 | 213944954 | 第一借阅区/ [索取号:B234.05/58] | 在馆 |